| 000 | 00445cam a2200193 4500 | ||
|---|---|---|---|
| 001 | D5233 | ||
| 008 | 090401t1982 xxu||||| |||| 00| 0 eng d | ||
| 035 | _a(Sirsi) u41120 | ||
| 041 | _aeng | ||
| 050 | _a695 | ||
| 100 | _aGriffin, C.W. | ||
| 245 | _aManual of built up roof systems | ||
| 250 | _a2nd | ||
| 260 |
_aNew York _bMcGraw-Hill Book Co _c1982 |
||
| 300 | _axi. 484p. 24cm | ||
| 350 | _a26.75 | ||
| 942 | _n0 | ||
| 948 | _c04/03/1997 | ||
| 999 |
_c90906 _d90906 |
||